[Event "GER-chT U14 Girls"]
[Site "Stuttgart"]
[Date "2007.12.30"]
[Round "7.2"]
[White "Nguyen Minh, Thuy"]
[Black "Thewes, Anna Christina"]
[Result "1-0"]
[WhiteElo "1733"]
[BlackElo "1213"]
[PlyCount "91"]
[EventDate "2007.12.27"]
[EventType "team-swiss"]
[EventRounds "7"]
[EventCountry "GER"]
[SourceTitle "EXT 2009"]
[Source "ChessBase"]
[SourceDate "2008.11.26"]
[SourceVersion "1"]
[SourceVersionDate "2008.11.26"]
[SourceQuality "1"]
[WhiteTeam "Chemnitz USG U14 Girls"]
[BlackTeam "Heusweiler SC Reti U14 Girls"]
[WhiteTeamCountry "GER"]
[BlackTeamCountry "GER"]

1. e4 e5 2. Nf3 Nc6 3. Bc4 Bc5 4. d3 Nf6 5. c3 d6 6. 0-0 0-0 7. Nbd2 Na5 8. Bb5 c6 9. Ba4 b5 10. Bc2 Bb6 11. h3 Be6 12. Re1 Re8 13. Nf1 Bc7 14. Ng3 Qd7 15. Bg5 Bd8 16. d4 Qc7 17. Qd2 Nc4 18. Qc1 Be7 19. b3 Nb6 20. Qe3 Nbd7 21. Qd2 Bf8 22. Nh4 g6 23. f4 exf4 24. Qxf4 Bg7 25. Bh6 Nf8 26. Bxg7 Kxg7 27. Rf1 Qe7 28. Rad1 Rac8 29. d5 cxd5 30. exd5 Bd7 31. Rde1 Qd8 32. Rxe8 Bxe8 33. Nhf5+ Kh8 34. Nxd6 Rxc3 35. Nxe8 Nxe8 36. Qd4+ Kg8 37. Qxc3 Qxd5 38. Qd3 Qe5 39. Kh1 Ng7 40. Qf3 Qe7 41. Be4 Qd7 42. Bc6 Qc7 43. Bxb5 Nfe6 44. Bc4 Qe7 45. Ne4 Qb7 46. Nf6+ 1-0

[Event "GER-chT U14 Girls"]
[Site "Stuttgart"]
[Date "2007.12.27"]
[Round "2.2"]
[White "Thewes, Anna Christina"]
[Black "Klingebiel, Laura"]
[Result "1-0"]
[WhiteElo "1213"]
[BlackElo "997"]
[PlyCount "79"]
[EventDate "2007.12.27"]
[EventType "team-swiss"]
[EventRounds "7"]
[EventCountry "GER"]
[SourceTitle "EXT 2009"]
[Source "ChessBase"]
[SourceDate "2008.11.26"]
[SourceVersion "1"]
[SourceVersionDate "2008.11.26"]
[SourceQuality "1"]
[WhiteTeam "Heusweiler SC Reti U14 Girls"]
[BlackTeam "Paderborn U14 Girls"]
[WhiteTeamCountry "GER"]
[BlackTeamCountry "GER"]

1. e4 e5 2. Nf3 Nc6 3. Bc4 f6 4. Nc3 Bc5 5. d3 d6 6. 0-0 Qd7 7. Be3 Bxe3 8. fxe3 b6 9. Qd2 Bb7 10. Nd5 Nge7 11. Bb5 0-0-0 12. Qc3 Rdf8 13. Nxe7+ Qxe7 14. Bxc6 g6 15. Bxb7+ Kxb7 16. Qc4 f5 17. exf5 gxf5 18. Qh4 Qf7 19. a3 f4 20. exf4 Qxf4 21. Qxf4 Rxf4 22. Ng5 Rff8 23. Rxf8 Rxf8 24. Nxh7 Rd8 25. Rf1 Rd7 26. Ng5 a5 27. Rf7 Rd8 28. Ne6 Rc8 29. Rf8 Rxf8 30. Nxf8 c5 31. h4 b5 32. h5 b4 33. h6 a4 34. h7 Kc6 35. h8Q Kb5 36. Nd7 Kc6 37. Qc8+ Kd5 38. Nf6+ Kd4 39. Kf2 b3 40. Qg4+ 1-0

[Event "GER-ch U12"]
[Site "Willingen"]
[Date "2005.05.19"]
[Round "9"]
[White "Rogasch, Miriam"]
[Black "Thewes, Anna Christina"]
[Result "1-0"]
[WhiteElo "774"]
[BlackElo "918"]
[PlyCount "53"]
[EventDate "2005.05.14"]
[EventType "swiss"]
[EventRounds "11"]
[EventCountry "GER"]
[SourceTitle "CBM 106 Extra"]
[Source "ChessBase"]
[SourceDate "2005.07.01"]
[SourceVersion "1"]
[SourceVersionDate "2005.07.01"]
[SourceQuality "1"]

1. e4 e5 2. Nf3 Nc6 3. Nc3 Nf6 4. Bb5 Bc5 5. Nxe5 Nxe5 6. d4 Bd6 7. dxe5 Bxe5 8. Bd3 0-0 9. Ne2 d6 10. f4 Bxb2 11. Bxb2 Bg4 12. Qd2 Qe7 13. 0-0 Nxe4 14. Bxe4 Qxe4 15. Rfe1 Bf5 16. Qc3 f6 17. Nd4 Qxf4 18. Rf1 Qh6 19. Nxf5 Qh5 20. Qxc7 Rf7 21. Qxd6 Re8 22. Rae1 Rxe1 23. Rxe1 h6 24. Ng3 Qh4 25. Qb8+ Kh7 26. Qxa7 Rd7 27. Qa5 1-0

[Event "GER-ch U12"]
[Site "Willingen"]
[Date "2005.05.18"]
[Round "7"]
[White "Thewes, Anna Christina"]
[Black "Weber, Max"]
[Result "1/2-1/2"]
[WhiteElo "918"]
[BlackElo "1128"]
[PlyCount "47"]
[EventDate "2005.05.14"]
[EventType "swiss"]
[EventRounds "11"]
[EventCountry "GER"]
[SourceTitle "CBM 106 Extra"]
[Source "ChessBase"]
[SourceDate "2005.07.01"]
[SourceVersion "1"]
[SourceVersionDate "2005.07.01"]
[SourceQuality "1"]

1. e4 d5 2. exd5 Qxd5 3. Nc3 Qa5 4. Nf3 Bg4 5. Be2 Nc6 6. h3 Bh5 7. 0-0 0-0-0 8. d3 Nf6 9. a3 e6 10. Bd2 Qb6 11. b4 Bd6 12. Be3 Qa6 13. d4 b5 14. Nxb5 Qb7 15. Rb1 Bxf3 16. gxf3 a6 17. Nxd6+ Rxd6 18. c3 g5 19. Qa4 Nb8 20. b5 Qa8 21. c4 a5 22. c5 Rd7 23. Bd2 Rhd8 24. Bc3 1/2-1/2

[Event "GER-ch U12"]
[Site "Willingen"]
[Date "2005.05.16"]
[Round "4"]
[White "Rau, Carla"]
[Black "Thewes, Anna Christina"]
[Result "1-0"]
[WhiteElo "1063"]
[BlackElo "918"]
[PlyCount "81"]
[EventDate "2005.05.14"]
[EventType "swiss"]
[EventRounds "11"]
[EventCountry "GER"]
[SourceTitle "CBM 106 Extra"]
[Source "ChessBase"]
[SourceDate "2005.07.01"]
[SourceVersion "1"]
[SourceVersionDate "2005.07.01"]
[SourceQuality "1"]

1. d4 d5 2. Nf3 Nc6 3. Bf4 Nf6 4. e3 a6 5. Bd3 e6 6. 0-0 Bd6 7. Bg5 0-0 8. Nc3 h6 9. Bh4 e5 10. Nxd5 Be7 11. Nxe7+ Qxe7 12. d5 Nb4 13. e4 Qd6 14. Bxf6 Qxf6 15. Be2 Qf4 16. a3 Nxd5 17. Qxd5 Re8 18. g3 c6 19. gxf4 cxd5 20. Nxe5 dxe4 21. Bc4 Be6 22. Bxe6 Rxe6 23. Rfe1 Rc8 24. c3 f6 25. Ng4 f5 26. Ne3 g6 27. Kg2 h5 28. f3 Rd8 29. Rad1 Rde8 30. fxe4 fxe4 31. b4 Rc6 32. c4 b5 33. c5 Rf8 34. Nd5 Kf7 35. Rxe4 Rd8 36. Red4 Ke6 37. Nc7+ Rxc7 38. Rxd8 Kf5 39. Rf8+ Kg4 40. h3+ Kh4 41. Rg8 1-0

[Event "Saarland-ch C"]
[Site "Saarlouis Steinrausch"]
[Date "2005.03.24"]
[Round "7"]
[White "Thewes, Anna Christina"]
[Black "Grewenig, Jan"]
[Result "0-1"]
[WhiteElo "915"]
[BlackElo "1249"]
[PlyCount "154"]
[EventDate "2005.03.18"]
[EventType "swiss"]
[EventRounds "9"]
[EventCountry "GER"]
[SourceTitle "EXT 2012"]
[Source "ChessBase"]
[SourceDate "2011.11.24"]
[SourceVersion "1"]
[SourceVersionDate "2011.11.24"]
[SourceQuality "1"]

1. e4 c5 2. Nc3 Nc6 3. Nf3 g6 4. Bc4 Bg7 5. d3 Nf6 6. 0-0 0-0 7. h3 d6 8. Be3 Bd7 9. Qd2 Qc8 10. Kh2 Qc7 11. Bf4 Qc8 12. Bh6 a6 13. Bxg7 Kxg7 14. Qf4 b5 15. Bd5 Rb8 16. Ng5 b4 17. Ne2 Nh5 18. Qf3 Ne5 19. Qe3 a5 20. Nf4 Nf6 21. Qg3 h6 22. Nf3 Nc6 23. Bxf7 g5 24. Nxg5 Rxf7 25. Nge6+ Kh8 26. Ng6+ Kh7 27. Ngf4 Qg8 28. Qh4 Bxe6 29. Nxe6 Qg6 30. f4 Kh8 31. f5 Qh7 32. Nf4 Ne5 33. Rae1 Rg8 34. Re3 Neg4+ 35. hxg4 Nxg4+ 36. Kh1 Nxe3 37. Rf2 Nd1 38. Re2 Nxb2 39. Ng6+ Rxg6 40. fxg6 Qxg6 41. Qh3 Nd1 42. Qc8+ Kh7 43. Kg1 Rg7 44. Qh3 Qg4 45. Qxg4 Rxg4 46. Re1 Nc3 47. Ra1 h5 48. Kh2 Nb5 49. Kh3 Nd4 50. Rc1 a4 51. c3 Ne2 52. Rc2 Nxc3 53. Rf2 a3 54. g3 e6 55. Kg2 Kg6 56. Kf3 c4 57. dxc4 Rxe4 58. Rd2 Rxc4 59. Ke3 Re4+ 60. Kd3 Rg4 61. Rg2 e5 62. Ke3 d5 63. Kd2 Nxa2 64. Kc2 Nc3 65. Kb3 h4 66. Kc2 Rxg3 67. Rd2 h3 68. Rf2 Rg2 69. Rxg2+ hxg2 70. Kd2 g1Q 71. Kc2 a2 72. Kb3 a1Q 73. Kc2 Qe3 74. Kb3 Na4+ 75. Kc2 Qac3+ 76. Kb1 Qec1+ 77. Ka2 Q1b2# 0-1

[Event "Saarland-ch C"]
[Site "Saarlouis Steinrausch"]
[Date "2005.03.21"]
[Round "4"]
[White "Backes, Christoph"]
[Black "Thewes, Anna Christina"]
[Result "1-0"]
[WhiteElo "1245"]
[BlackElo "915"]
[PlyCount "59"]
[EventDate "2005.03.18"]
[EventType "swiss"]
[EventRounds "9"]
[EventCountry "GER"]
[SourceTitle "EXT 2012"]
[Source "ChessBase"]
[SourceDate "2011.11.24"]
[SourceVersion "1"]
[SourceVersionDate "2011.11.24"]
[SourceQuality "1"]

1. d4 d5 2. c4 dxc4 3. e4 Nf6 4. e5 Ne4 5. Bxc4 Nc6 6. Qf3 Qxd4 7. Qxf7+ Kd8 8. Qd5+ Qxd5 9. Bxd5 Bf5 10. Bxc6 bxc6 11. Ne2 e6 12. 0-0 Bc5 13. Be3 Bxe3 14. fxe3 Ke7 15. Nd4 Rhf8 16. Nxc6+ Kf7 17. Nd4 Kg8 18. Rf4 Rab8 19. b3 c5 20. Nxe6 Bxe6 21. Rxe4 Rbd8 22. Nc3 Rd2 23. Rf4 Rfd8 24. Rf2 R2d3 25. Rc1 Rxe3 26. Rd1 Re8 27. Nb5 a5 28. Nc7 Re7 29. Rd8+ Re8 30. Rxe8# 1-0

[Event "Saarland-ch C"]
[Site "Saarlouis Steinrausch"]
[Date "2005.03.18"]
[Round "1"]
[White "Thewes, Anna Christina"]
[Black "Decker, Andre"]
[Result "0-1"]
[WhiteElo "915"]
[BlackElo "1292"]
[PlyCount "76"]
[EventDate "2005.03.18"]
[EventType "swiss"]
[EventRounds "9"]
[EventCountry "GER"]
[SourceTitle "EXT 2012"]
[Source "ChessBase"]
[SourceDate "2011.11.24"]
[SourceVersion "1"]
[SourceVersionDate "2011.11.24"]
[SourceQuality "1"]

1. e4 e5 2. Bc4 Bc5 3. Nc3 Nf6 4. d3 d6 5. Nf3 Bg4 6. 0-0 0-0 7. h3 Bh5 8. Bg5 Nbd7 9. Bd5 c6 10. Bc4 b5 11. Bb3 Bd4 12. Qe2 Qa5 13. Nd1 h6 14. Bxf6 Nxf6 15. Qd2 Qb6 16. c3 Bxf3 17. gxf3 Bc5 18. Ne3 Qd8 19. Nf5 Nh5 20. Bd1 Nf4 21. Kh2 Kh7 22. Rg1 g6 23. Ne3 Qd7 24. Rg3 Bb6 25. Ng4 f5 26. Ne3 Bd8 27. Bb3 Bh4 28. Rag1 Bxg3+ 29. Rxg3 fxe4 30. fxe4 Nh5 31. Rg4 Rf4 32. Bd1 Raf8 33. Kg1 Rxf2 34. Qc1 Qf7 35. Bb3 Qf3 36. Be6 Nf4 37. Rxf4 Qg3+ 38. Kh1 Qh2# 0-1